| 000 | 00000nas 2200000za 4500 |
| 001 | 9.501851 |
| 003 | CaOODSP |
| 005 | 20230607150957 |
| 007 | cr ||||||||||| |
| 008 | 150406d19992008xxc|| p o||||f| |0fre|d |
| 040 | |aCaOODSP|bfre |
| 043 | |an-cn--- |
| 086 | 1 |aNH2-25F-PDF |
| 110 | 1 |aCanada. |bSociété canadienne d'hypothèques et de logement. |bCentre d'analyse de marché, |eauteur, |eorganisme de publication. |
| 245 | 10|aLes résidences pour personnes âgées - Montréal |h[ressource électronique] |
| 260 | |aOttawa - Ontario : |bSociété canadienne d'hypothèques et de logement |
| 310 | |aAnnuel |
| 362 | 1 |aParaît depuis [1999]; ne paraît plus après 2008. |
| 775 | 08|tRetirement home market study - Montréal |w(CaOODSP)9.505453 |
| 776 | 0#|tLes résidences pour personnes âgées, étude de marché - Montréal |w(CaOODSP)9.513712 |